al-Khalīfah al-mughannī : (Record no. 49704)

MARC details
000 -LEADER
fixed length control field 00638cam a22002171a 4500
001 - CONTROL NUMBER
control field ne 67001308
003 - CONTROL NUMBER IDENTIFIER
control field DLC
005 - DATE AND TIME OF LATEST TRANSACTION
control field 20260227111833.0
008 - FIXED-LENGTH DATA ELEMENTS--GENERAL INFORMATION
fixed length control field 890401s1967 iq 000 0 arar
010 ## - LIBRARY OF CONGRESS CONTROL NUMBER
LC control number ne 67001308
035 ## - SYSTEM CONTROL NUMBER
System control number (OCoLC)23513224
040 ## - CATALOGING SOURCE
Original cataloging agency DLC
Transcribing agency MiU
Modifying agency WU
-- DLC
042 ## - AUTHENTICATION CODE
Authentication code premarc
050 00 - LIBRARY OF CONGRESS CALL NUMBER
Classification number ML420.I27
Item number F3
100 1# - MAIN ENTRY--PERSONAL NAME
Personal name Fahad, Badrī Muḥammad.
245 13 - TITLE STATEMENT
Title al-Khalīfah al-mughannī :
Remainder of title Ibrāhīm bin al-Mahdī, 126-224 h. /
Statement of responsibility, etc. Badrī Muḥammad Fahad.
260 ## - PUBLICATION, DISTRIBUTION, ETC.
Place of publication, distribution, etc. Baghdād :
Name of publisher, distributor, etc. al-Irshad,
Date of publication, distribution, etc. 1967.
300 ## - PHYSICAL DESCRIPTION
Extent 5, 266 p. ;
Dimensions 25 cm.
500 ## - GENERAL NOTE
General note In Arabic.
600 00 - SUBJECT ADDED ENTRY--PERSONAL NAME
Personal name Ibrāhīm ibn al-Mahdī,
Dates associated with a name 779-839.

No items available.

Powered by Koha